000 00634nam a2200217 i 4500
001 C2-0148173
003 PPAK
005 20180727131417.0
008 980318s my |||| ||||| | may d
040 _aPPAK
_beng
_cPPAK
_erda
082 0 4 _a499.23
_223
090 0 0 _a499.23
_bPEN
_dKAR
090 0 0 _a499.23
_bPEN
_dR
245 0 0 _aPenyatuan :
_bdedikasi buat Datuk Haji Hassan Ahmad
264 1 _aKuala Lumpur :
_bDewan Bahasa dan Pustaka ,
_c[date of publication not identified]
300 _a32 pages ;
_c22 cm
336 _2rdacontent
_atext
337 _2rdamedia
_aunmediated
338 _2rdacarrier
_avolume
942 _ddc
_cB
999 _c46805
_d46805